书目信息 |
| 题名: |
邓小平与河北
|
|
| 作者: | ;中共河北省委党史研究室 编 | |
| 分册: | ||
| 出版信息: | 北京 中共党史资料出版社 1995 |
|
| 页数: | 305页 | |
| 开本: | 20cm | |
| 丛书名: | ||
| 单 册: | ||
| 中图分类: | D2-0 , K827.7 | |
| 科图分类: | ||
| 主题词: | 中国共产党 , 人物--传记--中国 | |
| 电子资源: | ||
| ISBN: | 7-80023-826-1 | |
| 000 | 00706nam0 2200217 450 | |
| 001 | 0743066869 | |
| 005 | 20070724090839.78 | |
| 010 | @a7-80023-826-1@dCNY13.50 | |
| 100 | @a20070719d1995 km y0chiy0120 ea | |
| 101 | 0 | @achi |
| 102 | @aCN@b110000 | |
| 200 | 1 | @a邓小平与河北@Adeng xiao ping yu he bei@f中共河北省委党史研究室编@Fzhong gong he bei sheng wei dang shi yan jiu shi bian |
| 210 | @a北京@c中共党史资料出版社@d1995@h1997 | |
| 215 | @a305页@d20cm | |
| 606 | 0 | @a中国共产党 |
| 606 | 0 | @a人物@x传记@x中国 |
| 690 | @aD2-0@v3 | |
| 690 | @aK827.7@v3 | |
| 711 | 02 | @a中共河北省委党史研究室@Azhong gong he bei sheng wei dang shi yan jiu shi@4编 |
| 801 | 0 | @aCN@bPFT@c20070724 |
| 905 | @a10447@dD2-0@e162 | |
| 邓小平与河北/中共河北省委党史研究室编.-北京:中共党史资料出版社,1995(1997) |
| 305页;20cm |
| ISBN 7-80023-826-1:CNY13.50 |
| ● |
| 相关链接 |
|
|
|
|
正题名:邓小平与河北
索取号:D2-0/162
 
预约/预借
| 序号 | 登录号 | 条形码 | 馆藏地/架位号 | 状态 | 备注 |
| 1 | 0767343 | 207673436 | 第一样本阅览室/ [索取号:D2-0/162] | 在馆 | |
| 2 | 0767532 | 207675327 | 密集书库/ [索取号:D2-0/162] | 在馆 |